Normal view
MARC view
- Rizwan Aijaz
Entry Personal Name
001 - CONTROL NUMBER
- control field: 92577
003 - CONTROL NUMBER IDENTIFIER
- control field: NUST
005 - DATE AND TIME OF LATEST TRANSACTION
- control field: 20220703193141.0
008 - FIXED-LENGTH DATA ELEMENTS
- fixed length control field: 220703|| aca||aabn | a|a d
040 ## - CATALOGING SOURCE
- Original cataloging agency: NUST
- Transcribing agency: NUST
100 ## - HEADING--PERSONAL NAME
- Personal name: Rizwan Aijaz
670 ## - SOURCE DATA FOUND
- Source citation: Work cat.: (NUST)10064: Kanwar Saad Bin Liaqat 92576, Home/office control and automation using bluetooth techonology in mobile phones, 2009.
